00620 2200229 4500001002100000005001500021035002000036245007800056100002600134250000600160300003800166260003100204082001100235084001800246020001800264650002300282990001700305990001700322990001700339990001700356990001700373INLIS00000000000062120190118044412 a0010-01190000771 aPakan Ikan :bFormulasi, Pembuatan dan Pemberian /cM. Ghufran H. Kordi K0 aM. Ghufran H. Kordi K a- axiii, 160 hlm. :bilus. ;c21 cm. aJakarta :bPT Perca,c2008 a636.08 a636.08 GHU p a979-8712-71-4 aPakan Hewan Ternak a02294/P/2018 a02295/P/2018 a02296/P/2018 a02297/P/2018 a02298/P/2018